[Event "ABC 2024 Utrecht, Groep B"]
[Site "Utrecht"]
[Date "2024.03.10"]
[Round "7.12"]
[White "Ambrona Navarro, Himar"]
[Black "Hylarides, Charlie Ronald"]
[Result "1-0"]
[WhiteElo "1989"]
[BlackElo "1783"]

1. d4 {[%clk 00:55:17]} {[%emt 00:00:02]} Nf6 {[%clk 00:55:10]} {[%emt
00:00:11]} 2. c4 {[%clk 00:55:19]} {[%emt 00:00:07]} e6 {[%clk 00:55:01]}
{[%emt 00:00:20]} 3. Nc3 {[%clk 00:55:21]} {[%emt 00:00:08]} Bb4 {[%clk
00:55:01]} {[%emt 00:00:10]} 4. e3 {[%clk 00:55:19]} {[%emt 00:00:12]} O-O
{[%clk 00:54:40]} {[%emt 00:00:31]} 5. Bd3 {[%clk 00:55:18]} {[%emt 00:00:11]}
b6 {[%clk 00:54:26]} {[%emt 00:00:25]} 6. Nf3 {[%clk 00:55:13]} {[%emt
00:00:14]} Bb7 {[%clk 00:54:20]} {[%emt 00:00:16]} 7. O-O {[%clk 00:54:53]}
{[%emt 00:00:29]} d5 {[%clk 00:53:56]} {[%emt 00:00:35]} 8. cxd5 {[%clk
00:54:00]} {[%emt 00:01:03]} Nxd5 {[%clk 00:51:19]} {[%emt 00:02:47]} 9. Nxd5
{[%clk 00:52:43]} {[%emt 00:01:27]} Bxd5 {[%clk 00:50:35]} {[%emt 00:00:53]} 10.
e4 {[%clk 00:51:41]} {[%emt 00:01:12]} Bb7 {[%clk 00:50:12]} {[%emt 00:00:34]}
11. e5 {[%clk 00:50:38]} {[%emt 00:01:12]} Be7 {[%clk 00:48:01]} {[%emt
00:02:22]} 12. Be3 {[%clk 00:49:29]} {[%emt 00:01:19]} Nd7 {[%clk 00:46:20]}
{[%emt 00:01:52]} 13. Bc4 {[%clk 00:47:35]} {[%emt 00:02:01]} Re8 {[%clk
00:39:59]} {[%emt 00:06:32]} 14. d5 {[%clk 00:45:25]} {[%emt 00:02:20]} exd5
{[%clk 00:38:07]} {[%emt 00:02:03]} 15. Bxd5 {[%clk 00:45:21]} {[%emt
00:00:13]} Bxd5 {[%clk 00:36:42]} {[%emt 00:01:36]} 16. Qxd5 {[%clk 00:44:53]}
{[%emt 00:00:35]} Nf8 {[%clk 00:34:15]} {[%emt 00:02:40]} 17. Rfd1 {[%clk
00:43:50]} {[%emt 00:01:12]} Qxd5 {[%clk 00:33:27]} {[%emt 00:00:59]} 18. Rxd5
{[%clk 00:43:52]} {[%emt 00:00:08]} Rad8 {[%clk 00:33:02]} {[%emt 00:00:35]} 19.
Rad1 {[%clk 00:43:21]} {[%emt 00:00:38]} Rxd5 {[%clk 00:32:38]} {[%emt
00:00:37]} 20. Rxd5 {[%clk 00:43:19]} {[%emt 00:00:10]} Rd8 {[%clk 00:32:14]}
{[%emt 00:00:36]} 21. Rxd8 {[%clk 00:43:22]} {[%emt 00:00:07]} Bxd8 {[%clk
00:32:18]} {[%emt 00:00:05]} 22. Nd4 {[%clk 00:43:27]} {[%emt 00:00:05]} c5
{[%clk 00:30:27]} {[%emt 00:02:02]} 23. Nc6 {[%clk 00:41:44]} {[%emt 00:01:53]}
Bc7 {[%clk 00:30:07]} {[%emt 00:00:29]} 24. f4 {[%clk 00:41:38]} {[%emt
00:00:16]} a5 {[%clk 00:29:47]} {[%emt 00:00:31]} 25. Ne7+ {[%clk 00:40:45]}
{[%emt 00:01:02]} Kh8 {[%clk 00:29:47]} {[%emt 00:00:11]} 26. Nd5 {[%clk
00:40:38]} {[%emt 00:00:14]} Bd8 {[%clk 00:29:43]} {[%emt 00:00:17]} 27. f5
{[%clk 00:39:57]} {[%emt 00:00:50]} h6 {[%clk 00:22:45]} {[%emt 00:07:10]} 28.
Kf1 {[%clk 00:39:30]} {[%emt 00:00:34]} Kh7 {[%clk 00:20:57]} {[%emt 00:01:59]}
29. Ke2 {[%clk 00:38:58]} {[%emt 00:00:43]} g6 {[%clk 00:20:36]} {[%emt
00:00:31]} 30. g4 {[%clk 00:38:48]} {[%emt 00:00:18]} gxf5 {[%clk 00:17:57]}
{[%emt 00:02:50]} 31. gxf5 {[%clk 00:38:46]} {[%emt 00:00:12]} Kg7 {[%clk
00:15:46]} {[%emt 00:02:22]} 32. b3 {[%clk 00:37:46]} {[%emt 00:01:10]} h5
{[%clk 00:10:51]} {[%emt 00:05:05]} 33. Bf4 {[%clk 00:36:54]} {[%emt 00:01:00]}
b5 {[%clk 00:08:40]} {[%emt 00:02:24]} 34. Kd3 {[%clk 00:36:21]} {[%emt
00:00:41]} a4 {[%clk 00:08:16]} {[%emt 00:00:35]} 35. bxa4 {[%clk 00:35:51]}
{[%emt 00:00:40]} c4+ {[%clk 00:07:32]} {[%emt 00:00:55]} 36. Kd4 {[%clk
00:35:51]} {[%emt 00:00:08]} bxa4 {[%clk 00:05:47]} {[%emt 00:01:56]} 37. Kxc4
{[%clk 00:35:46]} {[%emt 00:00:15]} Nd7 {[%clk 00:04:26]} {[%emt 00:01:31]} 38.
e6 {[%clk 00:35:08]} {[%emt 00:00:48]} fxe6 {[%clk 00:04:30]} {[%emt 00:00:06]}
39. fxe6 {[%clk 00:35:06]} {[%emt 00:00:11]} Nb6+ {[%clk 00:04:14]} {[%emt
00:00:28]} 40. Nxb6 {[%clk 00:35:03]} {[%emt 00:00:13]} Bxb6 {[%clk 00:04:19]}
{[%emt 00:00:04]} 41. Kd5 {[%clk 00:35:02]} {[%emt 00:00:09]} Kf8 {[%clk
00:03:34]} {[%emt 00:00:57]} 42. Bd6+ {[%clk 00:34:46]} {[%emt 00:00:26]} Ke8
{[%clk 00:03:36]} {[%emt 00:00:08]} 43. Kc6 {[%clk 00:34:48]} {[%emt 00:00:08]}
Be3 {[%clk 00:03:14]} {[%emt 00:00:32]} 44. Kb5 {[%clk 00:34:44]} {[%emt
00:00:11]} Bg5 {[%clk 00:02:35]} {[%emt 00:00:52]} 45. Kxa4 {[%clk 00:34:24]}
{[%emt 00:00:30]} Be7 {[%clk 00:02:21]} {[%emt 00:00:24]} 46. Bxe7 {[%clk
00:34:00]} {[%emt 00:00:33]} Kxe7 {[%clk 00:02:26]} {[%emt 00:00:05]} 47. Kb5
{[%clk 00:34:04]} {[%emt 00:00:06]} Kxe6 {[%clk 00:02:30]} {[%emt 00:00:07]} 48.
Kb6 {[%clk 00:33:35]} {[%emt 00:00:37]} h4 {[%clk 00:02:20]} {[%emt 00:00:22]}
49. a4 {[%clk 00:33:35]} {[%emt 00:00:10]} Kd7 {[%clk 00:01:39]} {[%emt
00:00:51]} 50. Kb7 {[%clk 00:33:36]} {[%emt 00:00:09]} Ke6 {[%clk 00:01:23]}
{[%emt 00:00:26]} 51. a5 {[%clk 00:33:31]} {[%emt 00:00:14]} Kf5 {[%clk
00:01:24]} {[%emt 00:00:09]} 52. a6 {[%clk 00:33:26]} {[%emt 00:00:16]} Kg4
{[%clk 00:01:31]} {[%emt 00:00:02]} 53. a7 {[%clk 00:33:26]} {[%emt 00:00:11]}
Kh3 {[%clk 00:01:38]} {[%emt 00:00:02]} 54. a8=Q {[%clk 00:33:29]} {[%emt
00:00:08]} Kxh2 {[%clk 00:01:42]} {[%emt 00:00:06]} 55. Qa2+ {[%clk 00:33:32]}
{[%emt 00:00:07]} Kg3 {[%clk 00:01:30]} {[%emt 00:00:22]} 56. Qb1 {[%clk
00:33:34]} {[%emt 00:00:05]} Kg2 {[%clk 00:01:21]} {[%emt 00:00:22]} 57. Qc2+
{[%clk 00:33:40]} {[%emt 00:00:04]} Kh3 {[%clk 00:01:03]} {[%emt 00:00:28]} 58.
Qf2 {[%clk 00:33:37]} {[%emt 00:00:09]} Kg4 {[%clk 00:01:10]} {[%emt 00:00:07]}
59. Qh2 {[%clk 00:33:40]} {[%emt 00:00:06]} 1-0

[ePGN "0.1;DGT LiveChess/2.2.6"]

[Event "ABC 2024 Utrecht, Groep BCm"]
[Site "Utrecht."]
[Date "2024.03.09"]
[Round "1.1"]
[White "Esvelt, Klio"]
[Black "Kulikova, Polina"]
[Result "0-1"]
[WhiteElo "1352"]
[BlackElo "1791"]

1. e4 {[%clk 00:55:19]} {[%emt 00:00:01]} c6 {[%clk 00:55:12]} {[%emt
00:00:08]} 2. d4 {[%clk 00:55:18]} {[%emt 00:00:10]} d5 {[%clk 00:55:20]}
{[%emt 00:00:02]} 3. exd5 {[%clk 00:55:21]} {[%emt 00:00:07]} cxd5 {[%clk
00:55:27]} {[%emt 00:00:04]} 4. Nf3 {[%clk 00:55:24]} {[%emt 00:00:07]} Nc6
{[%clk 00:54:41]} {[%emt 00:00:56]} 5. Nc3 {[%clk 00:55:23]} {[%emt 00:00:11]}
Bg4 {[%clk 00:54:38]} {[%emt 00:00:12]} 6. h3 {[%clk 00:55:22]} {[%emt
00:00:12]} Bh5 {[%clk 00:54:32]} {[%emt 00:00:16]} 7. Be2 {[%clk 00:55:25]}
{[%emt 00:00:07]} e6 {[%clk 00:54:02]} {[%emt 00:00:38]} 8. a3 {[%clk
00:55:17]} {[%emt 00:00:19]} Nf6 {[%clk 00:53:44]} {[%emt 00:00:27]} 9. Bf4
{[%clk 00:55:17]} {[%emt 00:00:11]} a6 {[%clk 00:51:47]} {[%emt 00:02:07]} 10.
Bg5 {[%clk 00:54:22]} {[%emt 00:01:05]} Be7 {[%clk 00:51:24]} {[%emt 00:00:33]}
11. Qd2 {[%clk 00:53:44]} {[%emt 00:00:48]} h6 {[%clk 00:49:57]} {[%emt
00:01:37]} 12. Bh4 {[%clk 00:52:57]} {[%emt 00:00:57]} Qb6 {[%clk 00:46:25]}
{[%emt 00:03:42]} 13. Na4 {[%clk 00:51:12]} {[%emt 00:01:56]} Qc7 {[%clk
00:44:44]} {[%emt 00:01:49]} 14. O-O-O {[%clk 00:50:47]} {[%emt 00:00:37]} Ne4
{[%clk 00:41:27]} {[%emt 00:03:26]} 15. Qd3 {[%clk 00:49:48]} {[%emt 00:01:09]}
Bxh4 {[%clk 00:37:11]} {[%emt 00:04:25]} 16. Nxh4 {[%clk 00:48:31]} {[%emt
00:01:28]} Bxe2 {[%clk 00:32:15]} {[%emt 00:05:06]} 17. Qxe2 {[%clk 00:48:18]}
{[%emt 00:00:24]} Qf4+ {[%clk 00:32:20]} {[%emt 00:00:05]} 18. Kb1 {[%clk
00:48:13]} {[%emt 00:00:14]} Qxh4 {[%clk 00:32:25]} {[%emt 00:00:05]} 19. g3
{[%clk 00:47:50]} {[%emt 00:00:34]} Qf6 {[%clk 00:31:46]} {[%emt 00:00:48]} 20.
Rhf1 {[%clk 00:47:33]} {[%emt 00:00:25]} Nxd4 {[%clk 00:30:46]} {[%emt
00:01:12]} 21. Qe3 {[%clk 00:47:19]} {[%emt 00:00:18]} Nc6 {[%clk 00:30:08]}
{[%emt 00:00:55]} 22. Qb6 {[%clk 00:47:04]} {[%emt 00:00:21]} Qe7 {[%clk
00:29:15]} {[%emt 00:01:06]} 23. Qe3 {[%clk 00:44:26]} {[%emt 00:02:47]} O-O
{[%clk 00:27:56]} {[%emt 00:01:31]} 24. Qf4 {[%clk 00:44:08]} {[%emt 00:00:28]}
b5 {[%clk 00:27:22]} {[%emt 00:00:43]} 25. f3 {[%clk 00:43:50]} {[%emt
00:00:29]} Nf6 {[%clk 00:26:29]} {[%emt 00:01:02]} 26. Nc3 {[%clk 00:43:43]}
{[%emt 00:00:17]} Qb7 {[%clk 00:25:44]} {[%emt 00:00:55]} 27. g4 {[%clk
00:43:20]} {[%emt 00:00:33]} Nh7 {[%clk 00:24:34]} {[%emt 00:01:20]} 28. h4
{[%clk 00:43:19]} {[%emt 00:00:12]} Ne7 {[%clk 00:23:20]} {[%emt 00:01:24]} 29.
g5 {[%clk 00:43:14]} {[%emt 00:00:15]} h5 {[%clk 00:23:11]} {[%emt 00:00:18]}
30. Qg3 {[%clk 00:42:52]} {[%emt 00:00:32]} b4 {[%clk 00:21:28]} {[%emt
00:01:53]} 31. axb4 {[%clk 00:42:32]} {[%emt 00:00:31]} Qxb4 {[%clk 00:21:26]}
{[%emt 00:00:11]} 32. Qh3 {[%clk 00:40:52]} {[%emt 00:01:50]} Rab8 {[%clk
00:20:46]} {[%emt 00:00:51]} 33. b3 {[%clk 00:40:58]} {[%emt 00:00:04]} Qxc3
{[%clk 00:20:35]} {[%emt 00:00:19]} 34. g6 {[%clk 00:40:54]} {[%emt 00:00:15]}
Nxg6 {[%clk 00:20:30]} {[%emt 00:00:15]} 35. Rg1 {[%clk 00:40:30]} {[%emt
00:00:25]} Rb6 {[%clk 00:19:42]} {[%emt 00:01:06]} 36. Rg3 {[%clk 00:40:15]}
{[%emt 00:00:22]} Rfb8 {[%clk 00:19:26]} {[%emt 00:00:29]} 37. f4 {[%clk
00:40:20]} {[%emt 00:00:06]} Rxb3+ {[%clk 00:19:04]} {[%emt 00:00:33]} 38. cxb3
{[%clk 00:39:05]} {[%emt 00:01:25]} Rxb3+ {[%clk 00:19:10]} {[%emt 00:00:03]}
39. Ka2 {[%clk 00:39:00]} {[%emt 00:00:15]} Qb2# {[%clk 00:19:08]} {[%emt
00:00:02]} 0-1

[Event "ABC 2024 Utrecht, Groep BCm"]
[Site "Utrecht."]
[Date "2024.03.09"]
[Round "1.2"]
[White "Oostinga, Elisa"]
[Black "Rutten, Lenthe"]
[Result "0-1"]
[WhiteElo "1766"]
[BlackElo "1343"]

1. e4 {[%clk 00:55:17]} {[%emt 00:00:02]} c5 {[%clk 00:55:15]} {[%emt
00:00:06]} 2. Nf3 {[%clk 00:55:13]} {[%emt 00:00:14]} d6 {[%clk 00:55:14]}
{[%emt 00:00:12]} 3. Nc3 {[%clk 00:53:24]} {[%emt 00:01:59]} g6 {[%clk
00:53:53]} {[%emt 00:01:30]} 4. Bc4 {[%clk 00:52:34]} {[%emt 00:00:59]} Bg4
{[%clk 00:51:52]} {[%emt 00:02:11]} 5. h3 {[%clk 00:46:05]} {[%emt 00:06:39]}
Bxf3 {[%clk 00:50:21]} {[%emt 00:01:42]} 6. Qxf3 {[%clk 00:46:02]} {[%emt
00:00:13]} Nf6 {[%clk 00:49:40]} {[%emt 00:00:50]} 7. d3 {[%clk 00:39:50]}
{[%emt 00:06:23]} Bg7 {[%clk 00:46:56]} {[%emt 00:02:54]} 8. O-O {[%clk
00:35:50]} {[%emt 00:04:10]} O-O {[%clk 00:45:01]} {[%emt 00:02:05]} 9. Be3
{[%clk 00:32:57]} {[%emt 00:03:03]} Nc6 {[%clk 00:43:06]} {[%emt 00:02:05]} 10.
Qe2 {[%clk 00:23:51]} {[%emt 00:09:15]} Qd7 {[%clk 00:37:45]} {[%emt 00:05:32]}
11. Rab1 {[%clk 00:16:34]} {[%emt 00:07:27]} a6 {[%clk 00:35:40]} {[%emt
00:02:16]} 12. a4 {[%clk 00:15:26]} {[%emt 00:01:17]} e6 {[%clk 00:33:58]}
{[%emt 00:01:52]} 13. Bb3 {[%clk 00:07:45]} {[%emt 00:07:51]} Rfe8 {[%clk
00:32:38]} {[%emt 00:01:30]} 14. Rfd1 {[%clk 00:06:23]} {[%emt 00:01:32]} d5
{[%clk 00:30:58]} {[%emt 00:01:49]} 15. Bxc5 {[%clk 00:05:50]} {[%emt
00:00:42]} d4 {[%clk 00:25:53]} {[%emt 00:05:17]} 16. Na2 {[%clk 00:05:48]}
{[%emt 00:00:13]} Rac8 {[%clk 00:24:29]} {[%emt 00:01:33]} 17. Ba3 {[%clk
00:03:57]} {[%emt 00:02:00]} e5 {[%clk 00:23:43]} {[%emt 00:00:57]} 18. c3
{[%clk 00:03:57]} {[%emt 00:00:11]} Bf8 {[%clk 00:23:16]} {[%emt 00:00:37]} 19.
Bxf8 {[%clk 00:03:46]} {[%emt 00:00:21]} Rxf8 {[%clk 00:23:03]} {[%emt
00:00:22]} 20. Qd2 {[%clk 00:03:40]} {[%emt 00:00:16]} Rfd8 {[%clk 00:22:34]}
{[%emt 00:00:40]} 21. Qg5 {[%clk 00:03:32]} {[%emt 00:00:16]} Kg7 {[%clk
00:21:37]} {[%emt 00:01:08]} 22. Rbc1 {[%clk 00:03:27]} {[%emt 00:00:15]} b5
{[%clk 00:20:57]} {[%emt 00:00:50]} 23. Rf1 {[%clk 00:03:12]} {[%emt 00:00:26]}
h6 {[%clk 00:20:07]} {[%emt 00:01:00]} 24. Qd2 {[%clk 00:03:04]} {[%emt
00:00:17]} dxc3 {[%clk 00:19:50]} {[%emt 00:00:27]} 25. Nxc3 {[%clk 00:02:46]}
{[%emt 00:00:29]} Qxd3 {[%clk 00:19:39]} {[%emt 00:00:20]} 26. Qxd3 {[%clk
00:02:30]} {[%emt 00:00:26]} Rxd3 {[%clk 00:19:41]} {[%emt 00:00:08]} 27. Bd5
{[%clk 00:02:17]} {[%emt 00:00:23]} Nxd5 {[%clk 00:19:09]} {[%emt 00:00:42]} 28.
Nxd5 {[%clk 00:02:14]} {[%emt 00:00:13]} bxa4 {[%clk 00:18:44]} {[%emt
00:00:35]} 29. Nb4 {[%clk 00:01:57]} {[%emt 00:00:27]} Rd6 {[%clk 00:18:04]}
{[%emt 00:00:50]} 30. Nxa6 {[%clk 00:01:48]} {[%emt 00:00:19]} Na7 {[%clk
00:17:25]} {[%emt 00:00:50]} 31. Nb4 {[%clk 00:01:08]} {[%emt 00:00:49]} Rd4
{[%clk 00:17:01]} {[%emt 00:00:34]} 32. Nd5 {[%clk 00:00:49]} {[%emt 00:00:29]}
Rxe4 {[%clk 00:16:36]} {[%emt 00:00:35]} 33. Rcd1 {[%clk 00:00:40]} {[%emt
00:00:19]} Rd4 {[%clk 00:16:09]} {[%emt 00:00:37]} 34. Rxd4 {[%clk 00:00:41]}
{[%emt 00:00:10]} exd4 {[%clk 00:16:13]} {[%emt 00:00:05]} 35. Rd1 {[%clk
00:00:41]} {[%emt 00:00:10]} Nb5 {[%clk 00:16:08]} {[%emt 00:00:15]} 36. Nb6
{[%clk 00:00:47]} {[%emt 00:00:04]} Rd8 {[%clk 00:15:35]} {[%emt 00:00:43]} 37.
Nxa4 {[%clk 00:00:55]} {[%emt 00:00:03]} Kf6 {[%clk 00:15:21]} {[%emt
00:00:23]} 38. Kf1 {[%clk 00:01:00]} {[%emt 00:00:05]} Ke5 {[%clk 00:15:19]}
{[%emt 00:00:12]} 39. Ke2 {[%clk 00:01:00]} {[%emt 00:00:10]} Ra8 {[%clk
00:14:45]} {[%emt 00:00:45]} 40. b3 {[%clk 00:00:44]} {[%emt 00:00:26]} Rc8
{[%clk 00:12:14]} {[%emt 00:02:41]} 41. Nb6 {[%clk 00:00:26]} {[%emt 00:00:27]}
Nc3+ {[%clk 00:11:36]} {[%emt 00:00:48]} 42. Kd2 {[%clk 00:00:31]} {[%emt
00:00:05]} Rc6 {[%clk 00:10:48]} {[%emt 00:00:58]} 43. Nc4+ {[%clk 00:00:24]}
{[%emt 00:00:17]} Kd5 {[%clk 00:09:44]} {[%emt 00:01:14]} 44. Ra1 {[%clk
00:00:25]} {[%emt 00:00:09]} Ne4+ {[%clk 00:09:01]} {[%emt 00:00:53]} 45. Ke2
{[%clk 00:00:32]} {[%emt 00:00:04]} Nc5 {[%clk 00:07:49]} {[%emt 00:01:22]} 46.
Ra5 {[%clk 00:00:28]} {[%emt 00:00:13]} Re6+ {[%clk 00:07:02]} {[%emt
00:00:57]} 47. Kd2 {[%clk 00:00:33]} {[%emt 00:00:06]} d3 {[%clk 00:06:21]}
{[%emt 00:00:51]} 48. Ne3+ {[%clk 00:00:25]} {[%emt 00:00:18]} Kd4 {[%clk
00:05:57]} {[%emt 00:00:34]} 49. Rb5 {[%clk 00:00:25]} {[%emt 00:00:11]} Ne4+
{[%clk 00:05:38]} {[%emt 00:00:29]} 50. Ke1 {[%clk 00:00:22]} {[%emt 00:00:11]}
d2+ {[%clk 00:05:15]} {[%emt 00:00:34]} 51. Kf1 {[%clk 00:00:21]} {[%emt
00:00:10]} f5 {[%clk 00:04:40]} {[%emt 00:00:46]} 52. Rd5+ {[%clk 00:00:23]}
{[%emt 00:00:08]} Kc3 {[%clk 00:04:35]} {[%emt 00:00:15]} 53. Rb5 {[%emt
00:00:15]} f4 {[%clk 00:04:39]} {[%emt 00:00:04]} 54. Nd1+ {[%clk 00:00:14]}
{[%emt 00:00:16]} Kc2 {[%clk 00:04:36]} {[%emt 00:00:13]} 55. Ke2 {[%clk
00:00:11]} {[%emt 00:00:13]} Nc3 {[%clk 00:04:38]} {[%emt 00:00:08]} 0-1